| 000 | 00415nam a22001337a 4500 | ||
|---|---|---|---|
| 040 | _cNUST | ||
| 082 | _a200 THE | ||
| 100 |
_aHesham Mahmood Khan _984073 |
||
| 110 |
_aSupervisor Dr. Farhan Riaz _984074 |
||
| 245 | _aTH-SOF-1907-Human Activity Recognition Using OpenPose and Neural Network | ||
| 260 |
_aISLAMABAD: _bNUST COLLEGE OF EME, _c2021. |
||
| 650 |
_aMS-COMPUTER ENGINEERING-17 _984075 |
||
| 942 |
_2ddc _cTHE |
||
| 999 |
_c586733 _d586733 |
||